000 00857nas a2200277 4500
001 BR0902313
003 BR-BrBNA
005 20231205112653.0
007 ta
008 230509b bl.|||p| |||| 00| 00por d
040 _aBR-BrBNA
_bpor
_cBiblioteca Nacional de Agricultura
041 _a(Pt)
072 _aP01; C10
100 1 _aLima, C.A. de
100 1 _aCopello, M.I.
245 1 _aEducação ambiental desde o enfoque ciência/tecnologia/sociedade (CTS)- um possível caminho
650 _aEDUCAÇÃO AMBIENTAL
650 _aMEIO AMBIENTE
650 _aTECNOLOGIA
650 _aSOCIOLOGIA
650 _aFORMAÇÃO PROFISSIONAL
650 _aCURSO
773 0 _tPesquisa em Educação Ambiental (Brazil)
_xISSN 1980-1165
_g(Jul-Dec 2007), v. 2(2) p. 173-196
_wBR0902313
909 _a202311
_bLúcia
_c55
_dLúcia Elande
942 _2AGRIS
_n0
_cANA
999 _c199284
_d199284